000 00806nam a2200265Ia 4500
003 OSt
005 20220927105241.0
006 a|||||r|||| 00| 0
007 ta
008 220926b |||||||| |||| 00| 0 eng d
020 _c4038.79
024 _a142783
037 _b"43817/
_82.50, 13/04/2000, Select Book"
_cReference Collections
040 _aRTL
_cRTL
_beng
041 _2eng
_aeng
082 _a"X:51b4n, N9/RR"
100 _aSheth J N
_9371271
245 0 _aResearch in marketing
_bTheoritical foundations in marketing ethics
260 _aStanford
_bJai Press Inc.
_c1999
300 _a202p
_ccm.
490 _v5
541 _82.50, 13/04/2000, Select Book"
650 _aMarketing
942 _h"X:51b4n, N9/RR"
_cCC
999 _c691492
_d691492